| 000 | 01109cab a2200253 4500 | ||
|---|---|---|---|
| 001 | ABS60676 | ||
| 008 | 090401t1999 xxu||||| |||| 00| 0 eng d | ||
| 035 | _a(Sirsi) u93770 | ||
| 041 | _aeng | ||
| 245 | _aFear in the community is a material issue | ||
| 260 | _c1999 | ||
| 350 | _a0 | ||
| 490 |
_aCSM _bChartered Surveyor Monthly _v8(9) May 1999, 34(1) |
||
| 520 | _aDescribes a recent planning appeal decision relating to reclamation of a quarry through domestic waste disposal. The decision was based on issues of the sustainability of waste disposal, the development plan and harm. Together with the landmark decision in West Midlands Probation Service v SoS Environment 1996 considers the development of this new material consideration - the public perception of harm as distinct from actual evidence of threats to public safety. | ||
| 650 | _aHARM | ||
| 650 | _aLAND RECLAMATION | ||
| 650 | _aMATERIAL CONSIDERATIONS | ||
| 650 | _aPLANNING APPEALS | ||
| 650 | _aPUBLIC PERCEPTION | ||
| 650 | _aWASTE DISPOSAL | ||
| 690 | _aPLANNING LAW AND PRACTICE | ||
| 942 | _n0 | ||
| 948 | _c03/06/1999 | ||
| 999 |
_c59437 _d59437 |
||